| 000 | 01186cab a22001935a 4500 | ||
|---|---|---|---|
| 001 | L156848 | ||
| 008 | 120719e2012 xxk 000 0 eng d | ||
| 035 | _a(Sirsi) u156848 | ||
| 041 | 0 | _aeng | |
| 245 | 0 | 0 | _aGeorge Wimpey Manchester Limited v Valley & Vale Properties Limited (in administration), Andrew Hosking, and Martin Ellis |
| 260 | _c2012 | ||
| 520 | _a[2012] EWCA Civ 233, 1 March 2012. Concerns a seller's rights where a buyer failed to pay the purchase price, in particular the "unpaid vendor's lien"concept, and whether this entitled the seller to require the buyer to provide a deed of release of the seller from certain liabilities. "Held": appeal allowed. Respondent W had onerous obligations to appellant V. The agreement to surrender W's lease to V required a release of W. W was unable to use the unpaid vendor's lien to obtain the lease. | ||
| 590 | _aKA | ||
| 650 | 2 | 4 | _aGEORGE WIMPEY MANCHESTER LTD V VALLEY & VALE PROPERTIES LTD (IN ADMINISTRATION) AND ORS |
| 651 | 4 |
_aEngland and Wales _y1543- |
|
| 690 |
_aLandlord and tenant _96252 |
||
| 856 | 4 | 0 |
_uhttps://www.bailii.org/ew/cases/EWCA/Civ/2012/233.html _zView the law report at www.bailii.org |
| 942 | _n0 | ||
| 999 |
_c84176 _d84176 |
||